02219cam a22004334i 4500003000900000005001700009008004100026035001900067035001900086040003300105082001800138245010200156264009400258300003900352336002100391337002500412338002300437490006400460500006200524505085100586526001001437526001001447526000901457526000901466526000901475526000901484526000901493526000901502526000901511526000801520526000801528526000801536526000801544526000801552650003501560651006101595700005201656710007701708PE-LiUPU20250731165552.0150625s r 000 0 d a(Sirsi) a34553 a(Sirsi) a34553 aPE-LiUPUbspacPE-LiUPUerda04a985.04bD22310aMemorias, diarios y crónicas :nVolumen 1. /crecopilación y prólogo de Felix Denegri Luna. 1aLima :bComisión Nacional del Sesquicentenario de la Independencia del Perú,c[1971]. a556 páginas ;c24 centímetros. atext2rdacontent aunmediated2rdamedia avolume2rdacarrier0 aColección Documental de la Independencia del Perú ;v26 a"Año del sesquicentenario de la Independencia Nacional" aMEMORIA DE LOS MERITOS Y SERVICIOS, DE JOSE RIBADENEIRA Y TEXADA, GENERAL DE BRIGADA DEL EJERCITO DEL PERU -- LA FLORESTA ESPAÑOLA PERUANA -- MEMORIAS DEL GENERAL DON JUAN PARDO DE ZELA, ESPAÑOL AL SERVICIO DE BUENOS AIRES Y DEL PERU -- DON JOSE MÂNUEL DE GOYENECHE (MEMORIAS DE LAS CAMPAÑAS DE TUCUMAN Y SALTA) -- JOAQUIN DE LA PEZUELA. MEMORIA MILITAR DEL GENERAL PEZUELA (1813 - 1815) -- IGNACIO ALVAREZ THOMAS: MEMORANDUM PARA MI FAMILIA – JUAN JOSE ALCON. - DIARIO DE LA EXPEDICION DEL MARISCAL DE CAMPO DON JUAN RAMIREZ, SOBRE LAS PR0VINCIAS INTERIORES DE LA PAZ, PUNO, AREQUIPA Y CUZCO -- MANUEL PARD0 Y RIVADENEIRA. - MEMORIA HISTORICA SOBRE LA REVO LUCION DE 1814 -- GUILLERMO BROWN. - MEMORIA DE LAS OPERACIONES DE LA MARINA DE LA REPUBLICA ARGENTINA -- JUAN ISIDRO QUESADA. – NOTICIAS SOBRE SU VIDA Y SERVICIOS (FRAGMENTO). aSEG44 aSEG26 aP151 aP150 aP149 aP146 aP145 aP126 aP125 aP92 aP75 aP74 aP27 aP1504aLibertadoresxDiarioszPerú. aPerúxHistoriayEmancipación, 1808-1824vDocumentos.1 aDenegri Luna, Félix,d1919-1998,ecompilador.2 a.Comisión Nacional del Sesquicentenario de la Independencia del Perú